000 00719nam a2200241Ia 4500
003 OSt
005 20220926031304.0
006 a|||||r|||| 00| 0
007 ta
008 220923b |||||||| |||| 00| 0 eng d
037 _cGeneral Book
040 _aRTL
_cRTL
_beng
041 _2eng
_aeng
082 _aX9(J3).1.N64<--N66s, L1/UN
110 _aFood and Agriculture Organization
245 0 _aFood balance sheets 1964-66
260 _aRome
_bFood and Agriculture Organization
_c1971
300 _axxxvii,766p.
_ccm.
650 _aFood Industry
700 _aFood and Agriculture Organization
942 _hX9(J3).1.N64<--N66s, L1/UN
_cGB
_2CC
999 _c651980
_d651980